Southville International School and Colleges
Your cart is empty.
  • Cart
  • Lists
    Public lists Eva Luna New books Lux_list list_1
    Your lists Log in to create your own lists
  • Log in to your account
  • Your cookies
  • Search history
Southville International School and Colleges
  • Advanced search
  • Recent comments
  • Most popular
  • Libraries

Log in to your account

Log in with GOOGLE


If you do not have an external account, but do have a local account, you can still log in:

  1. Home
  2. MARC view: International students and academic libraries :
Normal view MARC view ISBD view

International students and academic libraries : (Record no. 15680)

[ view plain ]
MARC details
000 -LEADER
fixed length control field 02300cam a2200445 a 4500
001 - CONTROL NUMBER
control field 15985019
003 - CONTROL NUMBER IDENTIFIER
control field OSt
005 - DATE AND TIME OF LATEST TRANSACTION
control field 20140310182747.0
008 - FIXED-LENGTH DATA ELEMENTS--GENERAL INFORMATION
fixed length control field 091116s2010 mdu b 001 0 eng
010 ## - LIBRARY OF CONGRESS CONTROL NUMBER
LC control number 2009048167
020 ## - INTERNATIONAL STANDARD BOOK NUMBER
International Standard Book Number 9780810874299 (pbk. : alk. paper)
020 ## - INTERNATIONAL STANDARD BOOK NUMBER
International Standard Book Number 0810874296 (pbk. : alk. paper)
020 ## - INTERNATIONAL STANDARD BOOK NUMBER
International Standard Book Number 9780810874305 (ebk.)
020 ## - INTERNATIONAL STANDARD BOOK NUMBER
International Standard Book Number 081087430X (ebk.)
035 ## - SYSTEM CONTROL NUMBER
System control number (OCoLC)ocn468232917
040 ## - CATALOGING SOURCE
Original cataloging agency DLC
Transcribing agency DLC
Modifying agency YDX
-- YDXCP
-- BWX
-- CDX
-- DLC
043 ## - GEOGRAPHIC AREA CODE
Geographic area code n-us---
-- n-cn---
050 00 - LIBRARY OF CONGRESS CALL NUMBER
Classification number Z 666
Item number .P475 2010
100 1# - MAIN ENTRY--PERSONAL NAME
Personal name Peters, Diane E.
245 10 - TITLE STATEMENT
Title International students and academic libraries :
Remainder of title a survey of issues and annotated bibliography /
Statement of responsibility, etc Diane E. Peters.
260 ## - PUBLICATION, DISTRIBUTION, ETC. (IMPRINT)
Place of publication, distribution, etc Lanham, Md. :
Name of publisher, distributor, etc Scarecrow Press,
Date of publication, distribution, etc 2010.
300 ## - PHYSICAL DESCRIPTION
Extent iii, 213 p. :
Dimensions 23 cm.
504 ## - BIBLIOGRAPHY, ETC. NOTE
Bibliography, etc Includes bibliographical references and indexes.
505 0# - FORMATTED CONTENTS NOTE
Formatted contents note A survey of issues -- Annotated bibliography -- Basic library orientation -- Bibliographic instruction/information literacy -- Bibliographies -- Collection development -- Computers and the internet -- Distance education -- General works -- Globalization/internationalization and academic libraries -- Guides for international students -- Interlibrary loan -- Language/communication -- Library administration -- Marketing/outreach -- Reference services -- Staff development and training -- Staff exchanges and international visits -- Web resources -- Work with international faculty.
562 ## - COPY AND VERSION IDENTIFICATION NOTE
Number of copies for circulation. 1 copy available in the collection
650 #0 - SUBJECT ADDED ENTRY--TOPICAL TERM
Topical term or geographic name as entry element Library science
Form subdivision Bibliography.
650 #0 - SUBJECT ADDED ENTRY--TOPICAL TERM
Topical term or geographic name as entry element Library schools
Geographic subdivision United States
Form subdivision Bibliography.
650 #0 - SUBJECT ADDED ENTRY--TOPICAL TERM
Topical term or geographic name as entry element Library schools
Geographic subdivision Canada
Form subdivision Bibliography.
650 #0 - SUBJECT ADDED ENTRY--TOPICAL TERM
Topical term or geographic name as entry element Students, Foreign
Geographic subdivision United States
Form subdivision Bibliography.
650 #0 - SUBJECT ADDED ENTRY--TOPICAL TERM
Topical term or geographic name as entry element Students, Foreign
Geographic subdivision Canada
Form subdivision Bibliography.
650 #0 - SUBJECT ADDED ENTRY--TOPICAL TERM
Topical term or geographic name as entry element Library science
Geographic subdivision United States
Form subdivision Bibliography.
650 #0 - SUBJECT ADDED ENTRY--TOPICAL TERM
Topical term or geographic name as entry element Library science
Geographic subdivision Canada
Form subdivision Bibliography.
650 #0 - SUBJECT ADDED ENTRY--TOPICAL TERM
Topical term or geographic name as entry element International librarianship
Form subdivision Bibliography.
650 #0 - SUBJECT ADDED ENTRY--TOPICAL TERM
Topical term or geographic name as entry element Foreign study
Geographic subdivision United States
Form subdivision Bibliography.
650 #0 - SUBJECT ADDED ENTRY--TOPICAL TERM
Topical term or geographic name as entry element Foreign study
Geographic subdivision Canada
Form subdivision Bibliography.
906 ## - LOCAL DATA ELEMENT F, LDF (RLIN)
a 7
b cbc
c orignew
d 1
e ecip
f 20
g y-gencatlg
942 ## - ADDED ENTRY ELEMENTS (KOHA)
Source of classification or shelving scheme Library of Congress Classification
Koha item type Books
Call number prefix Foreign
Holdings
Withdrawn status Lost status Source of classification or shelving scheme Damaged status Home library Current library Shelving location Date acquired Source of acquisition Cost, normal purchase price Total Checkouts Total Renewals Full call number Barcode Date last seen Date checked out Copy number Price effective from Koha item type
    Library of Congress Classification   College Library College Library General Circulation Section 07/16/2012 Donation 4950.00 1 2 Z 666 .P475 2010 C15095 05/15/2018 03/08/2016 1 10/18/2013 Books

International students and academic libraries :

APA

Peters D. E., . (2010). International students and academic libraries. Lanham, Md: Scarecrow Press.

Chicago

Peters Diane E, . 2010. International students and academic libraries. Lanham, Md: Scarecrow Press.

Harvard

Peters D. E., . (2010). International students and academic libraries. Lanham, Md: Scarecrow Press.

MLA

Peters Diane E, . International students and academic libraries. Lanham, Md: Scarecrow Press. 2010.

  • Place hold
  • Print
  • Cite
  • Add to your cart (remove)
  • Save record
    BIBTEX Dublin Core MARCXML MARC (non-Unicode/MARC-8) MARC (Unicode/UTF-8) MARC (Unicode/UTF-8, Standard) MODS (XML) RIS
  • More searches
    Search for this title in:
    Other Libraries (WorldCat) Other Databases (Google Scholar) Online Stores (Bookfinder.com) Open Library (openlibrary.org)

Exporting to Dublin Core...

SOUTHVILLE LIBRARY

Southville International School and Colleges Library

1281 Tropical Ave. Cor. Luxembourg St., BF Homes International, Las Pinas City

Tel. No. 8256374 / 252358 Loc. 117/146

Powered by Koha